000 00573nam a22001937a 4500
003 KOHA_MİRAKIL
005 20251201070803.0
008 251201b tu ||||| |||| 00| 0 tur d
020 _a9786052089682
040 _aTR-AnABB
_btur
_cTR-AnABB
041 _atur
082 _a342
_bBIL 2022
100 1 _aBilgin, Murat,
245 1 0 _aKonularına göre karşılaştırmalı Dünya anayasaları /
_cMurat Bilgin
260 _aAnkara :
_bTBMM Araştırma Hizmetleri Başkanlığı
_c2022
300 _a665 sayfa ;
_c21 cm
650 0 4 _aAnayasa
942 _2ddc
_cBK
999 _c9672
_d9672
900 _bGizem YORULMAZ